MARC details
| 000 -LÍDER |
| campo de controle de tamanho fixo |
01366nam a2200301 4500 |
| 001 - NÚMERO DE CONTROLE |
| campo de controle |
388 |
| 003 - IDENTIFICADOR DO NÚMERO DE CONTROLE |
| campo de controle |
OSt |
| 005 - DATA E HORÁRIO DA ÚLTIMA TRANSAÇÃO |
| campo de controle |
20250408135839.0 |
| 008 - CAMPO DE DADOS FIXOS--INFORMAÇÃO GERAL |
| campo de controle de tamanho fixo |
250408b |||||||b |||| 00| 1 eng d |
| 020 ## - ISBN - INTERNATIONAL STANDARD BOOK NUMBER |
| ISBN - International Standard Book Number |
9788526231856 |
| 040 ## - FONTE DA CATALOGAÇÃO |
| Idioma da catalogação |
por |
| 041 ## - CÓDIGO DE IDIOMA |
| Código do idioma do original e/ou traduções intermediárias do texto |
spa |
| 082 ## - CDD - CLASSIFICAÇÃO DECIMAL DE DEWEY |
| Número de Classificação |
I 028.5 |
| Número do exemplar |
C737s |
| 100 1# - ENTRADA PRINCIPAL--NOME PESSOAL |
| Nome pessoal |
Company González, Mercé |
| Datas associadas ao nome |
1947- |
| 9 (RLIN) |
811 |
| 245 ## - TÍTULO |
| Título |
As sobrinhas da Bruxa Onilda: |
| Restante do título |
E Branca de Neve e os Sete Anões / |
| Indicação de responsabilidade, etc. |
Company González, Mercé ; Tradução de Rita E. Garcia Gonçalves |
| 260 ## - PUBLICAÇÃO, DISTRIBUIÇÃO, ETC. |
| Local de publicação, distribuição, etc. |
São Paulo |
| Nome do editor, distribuidor, etc. |
Scipione |
| Data da publicação, distribuição, etc. |
1997 |
| 300 ## - DESCRIÇÃO FÍSICA |
| Extensão |
32 p. |
| Outros detalhes físicos |
il. |
| 490 1# - TÍTULO DA SÉRIE |
| Título da série |
As sobrinhas da Bruxa Onilda |
| 520 ## - NOTA DE RESUMO, ETC. |
| Resumo, etc. |
As sobrinhas da Bruxa Onilda são trigêmeas muito sapecas, que adoram entrar nas histórias infantis para viver incríveis aventuras com suas personagens. Sua famosa tia, a Bruxa Onilda, está sempre por perto. As trigêmeas entram no túnel do tempo e continuam a história de Branca de Neve a partir daquele fim que já conhecemos. Sendo assim, ela aparece nessa história transformada em rainha e mãe de três príncipes gêmeos.<br/><br/> |
| 650 #0 - ASSUNTO--TERMO TÓPICO |
| Cabeçalho tópico ou nome geográfico |
Literatura Brasileira |
| 9 (RLIN) |
205 |
| 650 #0 - ASSUNTO--TERMO TÓPICO |
| Cabeçalho tópico ou nome geográfico |
Infantil |
| 9 (RLIN) |
535 |
| 650 #0 - ASSUNTO--TERMO TÓPICO |
| Cabeçalho tópico ou nome geográfico |
Bruxa Onilda |
| 9 (RLIN) |
813 |
| 650 #0 - ASSUNTO--TERMO TÓPICO |
| Cabeçalho tópico ou nome geográfico |
Diversidade e Fantasia |
| 9 (RLIN) |
814 |
| 655 #0 - TERMO DE ÍNDICE--GÊNERO E FORMA |
| Gênero/forma/ou termo foco |
Livro Infantil |
| 700 ## - ENTRADA ADICIONADA - NOME PESSOAL |
| Nome pessoal |
Rita E. Garcia Gonçalves |
| Função do autor por extenso |
TRADUTOR |
| 9 (RLIN) |
815 |
| 830 ## - ENTRADA SECUNDÁRIA DE SÉRIE--TÍTULO UNIFORME |
| Título uniforme |
As sobrinhas da Bruxa Onilda |
| 9 (RLIN) |
812 |
| 942 ## - ELEMENTOS DE ENTRADA ADICIONADOS (KOHA) |
| Fonte de classificação ou esquema de arquivamento |
Classificação decimal de Dewey |
| Ocultar no OPAC |
Não |
| Tipo de material Koha |
Livros |